[Event "ITA-ch U16"]
[Site "Montesilvano"]
[Date "2015.07.03"]
[Round "7"]
[White "Russo, Leonardo"]
[Black "Della Peruta, Lorenzo"]
[Result "0-1"]
[WhiteElo "1746"]
[BlackElo "1608"]
[PlyCount "52"]
[EventDate "2015.06.29"]
[EventType "swiss"]
[EventRounds "9"]
[EventCountry "ITA"]
[SourceTitle "EXT 2024"]
[Source "ChessBase"]
[SourceDate "2023.10.10"]
[SourceVersion "1"]
[SourceVersionDate "2023.10.10"]
[SourceQuality "1"]

1. e4 e5 2. Nf3 Nc6 3. d4 exd4 4. Bc4 Bc5 5. 0-0 d6 6. c3 dxc3 7. Nxc3 Nf6 8. Bg5 Bg4 9. h3 Bh5 10. Nd5 Ne5 11. Be2 c6 12. Nc3 h6 13. Bf4 Qe7 14. Nd2 Bxe2 15. Qxe2 0-0 16. Bg3 Rfe8 17. Kh1 Ng6 18. f4 Bd4 19. Rae1 Bxc3 20. bxc3 Nd7 21. f5 Nge5 22. c4 f6 23. Bf2 Nb6 24. Bxb6 axb6 25. Nb1 Qf7 26. Rc1 Ra4 0-1

[Event "Ceriano Laghetto op-C 22nd"]
[Site "Ceriano Laghetto"]
[Date "2013.03.03"]
[Round "5"]
[White "Madaschi, Sergio"]
[Black "Della Peruta, Lorenzo"]
[Result "1-0"]
[WhiteElo "1500"]
[BlackElo "1518"]
[PlyCount "99"]
[EventDate "2013.03.01"]
[EventType "swiss"]
[EventRounds "5"]
[EventCountry "ITA"]
[SourceTitle "EXT 2024"]
[Source "ChessBase"]
[SourceDate "2023.10.10"]
[SourceVersion "1"]
[SourceVersionDate "2023.10.10"]
[SourceQuality "1"]

1. d4 d5 2. c4 c6 3. Nf3 Nf6 4. Nc3 Bf5 5. e3 e6 6. Qb3 Qb6 7. Qxb6 axb6 8. Bd2 Bd6 9. Be2 0-0 10. 0-0 Nbd7 11. h3 Rfe8 12. Nh4 Bg6 13. Nxg6 hxg6 14. Bd3 Rac8 15. e4 dxe4 16. Nxe4 Nxe4 17. Bxe4 Nf6 18. Bf3 Rcd8 19. Bc3 e5 20. dxe5 Bxe5 21. Bxe5 Rxe5 22. Rfe1 Rxe1+ 23. Rxe1 Rd2 24. Re2 Rd4 25. b3 Kf8 26. g3 Rd3 27. Kg2 Rd7 28. g4 Ne8 29. Kh2 Nc7 30. Bg2 Ne6 31. Kg3 g5 32. f3 Nf4 33. Rf2 Nxg2 34. Kxg2 f6 35. f4 gxf4 36. Rxf4 Rd2+ 37. Rf2 Rxf2+ 38. Kxf2 Ke7 39. Ke3 Kd6 40. Ke4 g6 41. h4 Ke6 42. h5 f5+ 43. gxf5+ gxf5+ 44. Kf4 Kf6 45. h6 Kg6 46. h7 Kxh7 47. Kxf5 Kg7 48. Ke6 Kf8 49. Kd7 Kf7 50. Kc7 1-0